<?xml version="1.0" encoding="UTF-8"?>
<collection xmlns:xsi="http://www.w3.org/2001/XMLSchema-instance" xsi:schemaLocation="http://www.loc.gov/MARC21/slim http://www.loc.gov/standards/marcxml/schema/MARC21slim.xsd" xmlns="http://www.loc.gov/MARC21/slim">
 <record>
  <leader>00000ctm a22000003a 4500</leader>
  <controlfield tag="001">UP-99796217611273430</controlfield>
  <controlfield tag="003">Buklod</controlfield>
  <controlfield tag="005">20140515163022.0</controlfield>
  <controlfield tag="006">a     r    |||| u|</controlfield>
  <controlfield tag="007">ta</controlfield>
  <controlfield tag="008">140515s2014    xx     d     r    |||| u|</controlfield>
  <datafield tag="035" ind1=" " ind2=" ">
   <subfield code="a">(iLib)UPD-00217904646</subfield>
  </datafield>
  <datafield tag="040" ind1=" " ind2=" ">
   <subfield code="a">DCHE</subfield>
   <subfield code="e">rda</subfield>
  </datafield>
  <datafield tag="041" ind1=" " ind2=" ">
   <subfield code="a">eng</subfield>
  </datafield>
  <datafield tag="090" ind1=" " ind2=" ">
   <subfield code="a">LG 993.5 2014 I58</subfield>
   <subfield code="b">P36</subfield>
  </datafield>
  <datafield tag="100" ind1="1" ind2=" ">
   <subfield code="a">Pascual, Catherine Nicole C.</subfield>
   <subfield code="e">author.</subfield>
  </datafield>
  <datafield tag="245" ind1="1" ind2="0">
   <subfield code="a">Multiple research approach on the productivity of university students in the coffee shop interior environment</subfield>
   <subfield code="c">Catherine Nicole C. Pascual; Johanna Victoria A. Faustino, adviser.</subfield>
  </datafield>
  <datafield tag="264" ind1=" " ind2="1">
   <subfield code="a">Quezon City</subfield>
   <subfield code="b">College of Home Economics, University of the Philippines Diliman</subfield>
   <subfield code="c">2014.</subfield>
  </datafield>
  <datafield tag="300" ind1=" " ind2=" ">
   <subfield code="a">x, 94 leaves</subfield>
   <subfield code="b">color illustrations</subfield>
   <subfield code="e">1 CD ROM (4 3/4 in.)</subfield>
  </datafield>
  <datafield tag="336" ind1=" " ind2=" ">
   <subfield code="a">text</subfield>
   <subfield code="2">rdacontent</subfield>
  </datafield>
  <datafield tag="337" ind1=" " ind2=" ">
   <subfield code="a">unmediated</subfield>
   <subfield code="2">rdamedia</subfield>
  </datafield>
  <datafield tag="338" ind1=" " ind2=" ">
   <subfield code="a">volumes</subfield>
   <subfield code="2">rdacarrier</subfield>
  </datafield>
  <datafield tag="502" ind1=" " ind2=" ">
   <subfield code="a">Thesis (B.S. Interior Design)--University of the Philippines Diliman.</subfield>
  </datafield>
  <datafield tag="520" ind1=" " ind2=" ">
   <subfield code="a">Abstract This study explored the coffee shop as an environment for work and productivity. This study was triggered by the apparent migration of students from the library or the home to coffee shops. Specifically, this study investigated the features and characteristics of the coffee shop?s physical and social interior environment which influence the user?s work and productivity. Moreover, it sought to find out if the coffee shop is an ideal environment for studying. A multiple research approach was used to give the study a more holistic perspective. The researcher conducted the study in two phases: a survey and field studies. A survey was conducted to delineate the user?s ideal environment for work and productivity, moreover it extracted data regarding the coffee shop experience of the respondents. Sixty respondents, who were university students who studied in coffee shops, were selected through non-probability purposive sampling. From the results of the survey, top preferred coffee shops near four selected universities emerged. Four coffee shops were selected in total. These coffee shops were then documented and observed. Data acquired from the various research methods were correlated and analyzed. Findings from this study reveal that the coffee shop?s interior environment is able to influence work and productivity by fostering a unique balance of the private and public spheres. Findings also show that respondents see the coffee shop as the mid-place between the home and library. Moreover, the different features and characteristics unique to the interior environment of coffee shops were able to exude relaxation and comfort which the respondents found conducive for informal learning.</subfield>
  </datafield>
  <datafield tag="650" ind1="1" ind2="7">
   <subfield code="a">Coffee shops</subfield>
   <subfield code="z">Philippines.</subfield>
  </datafield>
  <datafield tag="650" ind1="1" ind2="7">
   <subfield code="a">Coffee shops</subfield>
   <subfield code="x">Interior decoration</subfield>
   <subfield code="x">Psychological aspects.</subfield>
  </datafield>
  <datafield tag="700" ind1="1" ind2=" ">
   <subfield code="a">Faustino, Johanna Victoria Acab</subfield>
   <subfield code="e">adviser.</subfield>
  </datafield>
  <datafield tag="905" ind1=" " ind2=" ">
   <subfield code="a">FI</subfield>
  </datafield>
  <datafield tag="852" ind1="0" ind2=" ">
   <subfield code="a">UPD</subfield>
   <subfield code="b">DCHE</subfield>
   <subfield code="h">LG 993.5 2014 I58</subfield>
   <subfield code="i">P36</subfield>
  </datafield>
  <datafield tag="942" ind1=" " ind2=" ">
   <subfield code="a">Thesis</subfield>
  </datafield>
 </record>
</collection>
